MARC details
| 000 -LEADER |
| fixed length control field |
01322nam a2200217 a 4500 |
| 008 - FIXED-LENGTH DATA ELEMENTS--GENERAL INFORMATION |
| fixed length control field |
191126s1998 ||||||||||||||||| || u |
| 020 ## - INTERNATIONAL STANDARD BOOK NUMBER |
| International Standard Book Number |
9781859591918 |
| 050 ## - LIBRARY OF CONGRESS CALL NUMBER |
| Classification number |
RC 682 Cut |
| 100 ## - MAIN ENTRY--PERSONAL NAME |
| Personal name |
Cutting, Derrick |
| 245 10 - TITLE STATEMENT |
| Title |
Dump your toxic waist! lose inches, beat diabetes and stop that heart attack |
| Statement of responsibility, etc. |
By Dr Derrick Cutting |
| 260 ## - PUBLICATION, DISTRIBUTION, ETC. |
| Place of publication, distribution, etc. |
Somerset |
| Name of publisher, distributor, etc. |
Class Publishing |
| Date of publication, distribution, etc. |
1998 |
| 300 ## - PHYSICAL DESCRIPTION |
| Extent |
xii, 471 pages : illustrations |
| 350 ## - |
| -- |
17.35 |
| 650 #0 - SUBJECT ADDED ENTRY--TOPICAL TERM |
| Topical term or geographic name entry element |
CORONARY HEART DISEASE--PREVENTION--POPULAR WORKS |
| 650 #0 - SUBJECT ADDED ENTRY--TOPICAL TERM |
| Topical term or geographic name entry element |
REDUCING DIETS |
| 650 #0 - SUBJECT ADDED ENTRY--TOPICAL TERM |
| Topical term or geographic name entry element |
WEIGHT LOSS--HEALTH ASPECTS |
| 995 ## - |
| -- |
MEDICAL LIBRARY OPEN ACCESS |
| -- |
904437 |
| -- |
CBU-SCHOOL OF MEDICINE LIBRARY (Ndola) |
| -- |
17.35 |
| -- |
RC 682 Cut |
| -- |
3 |
| -- |
AVAILABLE |
| -- |
Dec 13, 2019 |
| -- |
904437 |
| -- |
Medical Library Open Access Collection |
| 995 ## - |
| -- |
MEDICAL LIBRARY OPEN ACCESS |
| -- |
904438 |
| -- |
CBU-SCHOOL OF MEDICINE LIBRARY (Ndola) |
| -- |
17.35 |
| -- |
RC 682 Cut |
| -- |
4 |
| -- |
AVAILABLE |
| -- |
Dec 13, 2019 |
| -- |
904438 |
| -- |
Medical Library Open Access Collection |
| 995 ## - |
| -- |
MEDICAL LIBRARY OPEN ACCESS |
| -- |
904435 |
| -- |
CBU-SCHOOL OF MEDICINE LIBRARY (Ndola) |
| -- |
17.35 |
| -- |
RC 682 Cut |
| -- |
1 |
| -- |
AVAILABLE |
| -- |
Dec 13, 2019 |
| -- |
904435 |
| -- |
Medical Library Open Access Collection |
| 995 ## - |
| -- |
MEDICAL LIBRARY OPEN ACCESS |
| -- |
904436 |
| -- |
CBU-SCHOOL OF MEDICINE LIBRARY (Ndola) |
| -- |
17.35 |
| -- |
RC 682 Cut |
| -- |
2 |
| -- |
AVAILABLE |
| -- |
Dec 13, 2019 |
| -- |
904436 |
| -- |
Medical Library Open Access Collection |
| 999 ## - |
| -- |
63800 |
| -- |
63800 |